000 00770nam a22001577a 4500
003 OSt
005 20150918110054.0
008 150918b xxu||||| |||| 00| 0 eng d
040 _cRUA
082 _aAGR HAN 2005 B031 Or.1
100 _9744
_aHANG, RETHYVONG.
245 _aEffect of nitrogen rate on yield of senpidao varieties of experimental station in royal university of agriculture ឥទ្ធិពលកំរិតជីអាសូតទៅលើទិន្នផលពូជស្រូវសែនពិដោរ នៅស្ថានីយ៍ពិសោធន៍ដំណាំនៃសាកលវិទ្យាល័យភូមិន្ទកសិកម្ម
260 _aPhnom Penh
_bRUA
_c2005
300 _axi; 49p.
_bill.
_c29cm.
942 _2ddc
_cAGR
999 _c714
_d714